NBA Starting PFs of the Past 10 Years - Statistics

General Stats
  • This quiz has been taken 153 times
    26 since last reset
  • The average score is 51 of 118
Answer Stats
Answer % Correct
Draymond Green
100%
Jalen Williams
100%
JaMychal Green
100%
Jeff Green
100%
Marvin Williams
100%
Patrick Williams
100%
GG Jackson
95%
Giannis Antetokounmpo
95%
Jaren Jackson Jr
95%
LeBron James
95%
Kevin Durant
91%
Anthony Davis
86%
Julius Randle
86%
Kyshawn George
86%
Pascal Siakam
86%
Paul George
86%
Aaron Gordon
82%
Amir Johnson
82%
Cameron Johnson
82%
Jalen Johnson
82%
James Johnson
82%
Jayson Tatum
82%
Lauri Markkanen
82%
Evan Mobley
77%
Harrison Barnes
77%
Karl-Anthony Towns
77%
Kawhi Leonard
77%
Kristaps Porzingis
77%
Meyers Leonard
73%
Paolo Banchero
73%
Scottie Barnes
73%
Tobias Harris
73%
Zion Williamson
73%
Al Horford
64%
Blake Griffin
64%
Brandon Ingram
64%
DeMar DeRozan
64%
Dorian Finney-Smith
64%
Jabari Smith Jr
64%
Miles Bridges
64%
Chet Holmgren
59%
Domantas Sabonis
59%
Kevin Love
59%
LaMarcus Aldridge
55%
Paul Millsap
55%
Keegan Murray
50%
OG Anunoby
50%
Rui Hachimura
50%
Derrick Jones Jr
45%
Herbert Jones
45%
Jerami Grant
45%
John Collins
45%
Gorgui Dieng
41%
PJ Washington
41%
Carmelo Anthony
36%
Julian Champagnie
36%
Zach Randolph
36%
Chris Bosh
32%
Kel'el Ware
32%
Serge Ibaka
32%
Toumani Camara
32%
Bojan Bogdanovic
27%
Danilo Gallinari
27%
Isaiah Stewart
27%
Jae Crowder
27%
Matas Buzelis
27%
PJ Tucker
27%
Thaddeus Young
27%
Trevor Booker
27%
Wendell Carter Jr
27%
Wilson Chandler
27%
Caleb Martin
23%
De'Andre Hunter
23%
Jarred Vanderbilt
23%
Jeremy Sochan
23%
Kyle Anderson
23%
Marvin Bagley III
23%
Ryan Anderson
23%
Taurean Prince
23%
Jabari Parker
18%
Kenneth Faried
18%
Kyle Kuzma
18%
Larry Nance Jr
18%
Marcus Morris
18%
Markieff Morris
18%
Maxi Kleber
18%
Noah Clowney
18%
Precious Achiuwa
18%
Rudy Gay
18%
Al-Farouq Aminu
14%
Dante Cunningham
14%
Dario Saric
14%
Derrick Favors
14%
Dominick Barlow
14%
Kelly Olynyk
14%
Maurice Harkless
14%
Robert Covington
14%
Royce O'Neale
14%
Sam Hauser
14%
Taj Gibson
14%
Aaron Nesmith
9%
DeMarre Carroll
9%
Ersan Ilyasova
9%
Luke Babbitt
9%
TJ Warren
9%
Darius Bazley
5%
Haywood Highsmith
5%
Jae'Sean Tate
5%
Kosta Koufos
5%
Marquese Chriss
5%
Nemanja Bjelica
5%
Rodions Kurucs
5%
Trey Lyles
5%
Doug McDermott
0%
Kevin Knox
0%
Noah Vonleh
0%
Sekou Doumbouya
0%
Torrey Craig
0%
No matching quizzes found
Score Distribution
Percent of People with Each Score
Percentile by Number Answered
Your Score History
You have not taken this quiz since the last reset